00981nam a22003137a 4500003000900000005001700009007000300026008003300029020001500062040003000077082002800107100004800135245006900183250001300252264003800265300002800303336002700331337003500358338002900393490003000422500000600452590002600458650001900484650004700503650004700550910004100597942001200638999001700650DO-SdBPM20260119085611.0ta171122b2005 sp |00| 0 spa d a9701048776 aDO-SdBPMbspacBPMSUerda 4a658.562bG984c 20052221 aGutiérrez Pulido,, Humbertoeautor 4aut.10a Calidad total y productividad /c Humberto Gutiérrez Pulido.  a2a. ed.  aMéxico : b: McGraw-Hill,c2005 a421 páginas;c24 cm.  atestobtxt2rdacontent asin mediación bn2rdamedia  avolume bnc2rdacarrier 0 aMcGraw-Hill. Educación  a  aInventariado, 2026/VM 7a Calidad total 7aEstadística en control de calidad.x v  7aControl de calidad xNormas técnicas.v  aVMateo V. Control de calidad. BPMSU  2ddccBK c15605d15605